|
|
|
|
| LEADER |
00000nam0a2200000 4500 |
| 001 |
254741 |
| 005 |
20231101232949.0 |
| 020 |
|
|
|a RU
|b 89-58617
|
| 035 |
|
|
|a (RuTPU)RU\TPU\book\277230
|
| 090 |
|
|
|a 254741
|
| 100 |
|
|
|a 20140324d1988 k a0rusy5003 ca
|
| 101 |
0 |
|
|a rus
|
| 102 |
|
|
|a RU
|
| 105 |
|
|
|a a z 001zy
|
| 200 |
1 |
|
|a Прикладная электрохимия. Гальванотехника
|e межвузовский сборник научных трудов
|f Казанский химико-технологический институт им. С. М. Кирова (КХТИ) ; под ред. Н. В. Гудина
|
| 210 |
|
|
|a Казань
|c Изд-во КХТИ
|d 1988
|
| 215 |
|
|
|a 143 с.
|c ил.
|
| 320 |
|
|
|a Библиогр. в конце ст.
|
| 606 |
1 |
|
|a Гальванотехника
|2 stltpush
|3 (RuTPU)RU\TPU\subj\5533
|9 33586
|
| 610 |
1 |
|
|a гальванические покрытия
|
| 610 |
1 |
|
|a электрохимия
|
| 610 |
1 |
|
|a электрохимия прикладная
|
| 610 |
1 |
|
|a металлические покрытия
|
| 610 |
1 |
|
|a химические покрытия
|
| 610 |
1 |
|
|a оптические свойства
|
| 610 |
1 |
|
|a теоретические основы
|
| 610 |
1 |
|
|a кинетика
|
| 610 |
1 |
|
|a электроосаждение
|
| 675 |
|
|
|a 621.357
|z rus
|
| 702 |
|
1 |
|a Гудин
|b Н. В.
|g Николай Васильевич
|4 340
|
| 712 |
0 |
2 |
|a Казанский химико-технологический институт им. С. М. Кирова (КХТИ)
|c (1935-1992)
|2 stltpush
|3 (RuTPU)RU\TPU\col\3704
|
| 801 |
|
0 |
|a RU
|b RuMRKP
|c 19950417
|g psbo
|
| 801 |
|
1 |
|a RU
|b 63413507
|c 20140324
|
| 801 |
|
2 |
|a RU
|b 63413507
|c 20140616
|g RCR
|
| 942 |
|
|
|c BK
|